Normal view
MARC view
Entry Personal Name
001 - CONTROL NUMBER
- control field: 280884
003 - CONTROL NUMBER IDENTIFIER
- control field: MY-SjTCS
005 - DATE AND TIME OF LATEST TRANSACTION
- control field: 20200306170208.0
008 - FIXED-LENGTH DATA ELEMENTS
- fixed length control field: 200306|| aca||aabn | a|a d
040 ## - CATALOGING SOURCE
- Original cataloging agency: MY-SjTCS
- Transcribing agency: MY-SjTCS
100 ## - HEADING--PERSONAL NAME
- Personal name: Norwood, Janet Lippe.
670 ## - SOURCE DATA FOUND
- Source citation: Work cat.: (MY-SjTCS)60734: National Research Council (U.S.). Panel to Review the 2000 Census. 280878, The 2000 census, counting under adversity, 2004.